000 01527nam a22004337a 4500
001 000106380
003 CHAP
005 20220817044515.0
008 120212s2011 it a rn 00010 eng d
010 _a102842
011 _a103814
020 _a9789251070130
035 _a114503
040 _cCHAP
082 0 4 _a363.81
_aF211y
110 2 _aFAO
245 1 0 _aRight to food making it happen :
_bprogress and lessons learned through implementation. /
_cpor FAO.
260 _aRoma :
_bFAO,
_c2011.
300 _axiv, 176, p. :
_bil., diagrs., gráfs
_e, +1 CD (4 3/4 plg.)
500 _aConsulta del CD en : www.ceres.chapingo.mx (Material complementario del libro impreso)
590 _aBATCH-UPD
_b10
_c20130110
_lUCH01
_h1740
590 _aCONVERSION
_b10
_c20130109
_lUCH01
_h1357
590 _aE5995AHE
_b05
_c20140326
_lUCH01
_h1044
590 _aE5995AHE
_b05
_c20140326
_lUCH01
_h1150
590 _aE5995AHE
_b05
_c20140326
_lUCH01
_h1150
590 _aE5995AHE
_b05
_c20140326
_lUCH01
_h1151
590 _aE5995AHE
_b05
_c20140326
_lUCH01
_h1202
590 _aE5995AHE
_b05
_c20140326
_lUCH01
_h1210
650 4 _aDerecho a la alimentación.
_9125987
650 4 _aDerechos humanos.
_931916
650 4 _aEscasez de alimentos.
_937476
650 4 _aProyectos de desarrollo.
_992528
650 4 _aSeguridad alimentaria.
_9103673
650 4 _aSuministro de alimentación.
_9125605
901 _aBK
942 _cCD
942 _n0
949 _a641.3 F213y
_bBC
_cFAO
_d33724002318280
_eFAO1
_gDonaciØn
_h116282
_i114503
_sb
999 _c102842
_d102842